000 00635nam a2200205 a 4500
001 20361
003 CO-ViMGA
008 141112s2004 ck r 000 u spa d
020 _a8466604022
040 _aCO-ViMGA
_bspa
_cCO-ViMGA
082 0 4 _aGRIc1
100 1 _aGrimm, Jacob; Ludwing, Karl
_929400
245 1 0 _aCuentos de los hermanos Grimm
260 _aBarcelona :
_bEdiciones B,
_c2001
300 _a330p
590 _aForma de adquisición : Premio Min Cultura - - Precio : 32500 - - Fecha de adquisición : Febrero 2005
650 1 4 _aCUENTOS INFANTILES ALEMANES
650 1 4 _aHISTORIAS DE AVENTURAS
_9870
942 _2ddc
_cBK
999 _c29368
_d29368